[Event "Deutsche Ländermeisterschaft 2018"]
[Site "Würzburg GER"]
[Date "2018.10.05"]
[Round "5"]
[White "Keymer, Cecilia"]
[Black "Wörz, Ann-Sophie"]
[Result "1/2-1/2"]
[Termination "normal"]
[Board "6.8"]
[WhiteElo "1479"]
[BlackElo "1463"]
[WhiteClock "00:12:47"]
[BlackClock "00:13:50"]
[WhiteTeam "Rheinland-Pfalz"]
[BlackTeam "Württemberg 1"]
[PlyCount "111"]
[WhiteFideId "16233468"]
[BlackFideId "16265890"]
[EventCountry "GER"]
[EventRounds "7"]
[EventType "team-swiss"]
[EventDate "2018.10.02"]

1. d4 {[%clk 1:30:59]} e6 {[%clk 1:30:54]} 2. c4 {[%clk 1:31:17]} d5 {[%clk
1:31:16]} 3. Nf3 {[%clk 1:31:15]} Nf6 {[%clk 1:30:27]} 4. Nc3 {[%clk 1:31:11]}
Be7 {[%clk 1:27:11]} 5. Bg5 {[%clk 1:30:47]} Nbd7 {[%clk 1:24:16]} 6. e3 {[%clk
1:30:32]} O-O {[%clk 1:21:05]} 7. cxd5 {[%clk 1:27:08]} exd5 {[%clk 1:20:55]}
8. Bd3 {[%clk 1:26:42]} c6 {[%clk 1:19:34]} 9. Qc2 {[%clk 1:26:17]} Re8 {[%clk
1:19:45]} 10. h3 {[%clk 1:26:09]} Nf8 {[%clk 1:18:01]} 11. Ne5 {[%clk 1:23:24]}
N6d7 {[%clk 1:16:22]} 12. Bxe7 {[%clk 1:22:13]} Rxe7 {[%clk 1:15:23]} 13. Nf3
{[%clk 1:20:00]} Nf6 {[%clk 1:11:55]} 14. O-O-O {[%clk 1:16:30]} b5 {[%clk
1:10:03]} 15. Ne5 {[%clk 1:13:40]} Qd6 {[%clk 1:06:16]} 16. g4 {[%clk 1:10:31]}
N6d7 {[%clk 1:00:10]} 17. Nxd7 {[%clk 1:07:37]} Bxd7 {[%clk 0:59:44]} 18. Rdg1
{[%clk 1:03:33]} a5 {[%clk 0:58:23]} 19. Ne2 {[%clk 1:01:27]} Rc8 {[%clk
0:56:01]} 20. Kb1 {[%clk 1:00:01]} c5 {[%clk 0:54:40]} 21. dxc5 {[%clk
0:58:33]} Rxc5 {[%clk 0:52:55]} 22. Qd2 {[%clk 0:56:02]} Ne6 {[%clk 0:48:16]}
23. Rc1 {[%clk 0:50:38]} Rxc1+ {[%clk 0:46:39]} 24. Qxc1 {[%clk 0:48:22]} Bc6
{[%clk 0:43:43]} 25. Ng3 {[%clk 0:43:45]} Rc7 {[%clk 0:39:05]} 26. Qd2 {[%clk
0:40:00]} b4 {[%clk 0:37:46]} 27. Rc1 {[%clk 0:36:46]} Ng5 {[%clk 0:32:33]} 28.
Bf1 {[%clk 0:34:54]} Qg6+ {[%clk 0:29:03]} 29. Ka1 {[%clk 0:33:59]} Rd7 {[%clk
0:26:19]} 30. Bg2 {[%clk 0:29:32]} Ne4 {[%clk 0:20:49]} 31. Nxe4 {[%clk
0:27:46]} dxe4 {[%clk 0:20:59]} 32. Qc2 {[%clk 0:26:50]} Rd8 {[%clk 0:17:39]}
33. Kb1 {[%clk 0:20:38]} Bb5 {[%clk 0:10:15]} 34. Bxe4 {[%clk 0:14:39]} Qh6
{[%clk 0:08:00]} 35. Rh1 {[%clk 0:11:40]} g6 {[%clk 0:06:50]} 36. Ka1 {[%clk
0:09:07]} Qf8 {[%clk 0:06:23]} 37. Rd1 {[%clk 0:07:31]} Rc8 {[%clk 0:05:11]}
38. Qd2 {[%clk 0:06:52]} Qe7 {[%clk 0:04:22]} 39. Bg2 {[%clk 0:06:19]} Ba4
{[%clk 0:03:15]} 40. Rc1 {[%clk 0:05:58]} Rd8 {[%clk 0:01:10]} 41. Qe2 {[%clk
0:04:15]} Qe6 {[%clk 0:28:27]} 42. Kb1 {[%clk 0:32:50]} Qb6 {[%clk 0:26:15]}
43. Be4 {[%clk 0:29:30]} Bb5 {[%clk 0:24:35]} 44. Qc2 {[%clk 0:28:18]} Qf6
{[%clk 0:21:28]} 45. f4 {[%clk 0:24:48]} Re8 {[%clk 0:19:18]} 46. Qg2 {[%clk
0:23:46]} Qe6 {[%clk 0:18:18]} 47. Rc5 {[%clk 0:19:43]} Qxe4+ {[%clk 0:17:35]}
48. Qxe4 {[%clk 0:19:59]} Rxe4 {[%clk 0:17:54]} 49. Rxb5 {[%clk 0:20:04]} Rxe3
{[%clk 0:18:10]} 50. Rxa5 {[%clk 0:18:17]} Rxh3 {[%clk 0:17:18]} 51. Rb5 {[%clk
0:17:29]} Rh4 {[%clk 0:16:49]} 52. Rxb4 {[%clk 0:17:11]} Rxg4 {[%clk 0:17:04]}
53. a4 {[%clk 0:17:22]} g5 {[%clk 0:15:48]} 54. a5 {[%clk 0:15:32]} gxf4 {[%clk
0:14:15]} 55. Ka2 {[%clk 0:14:08]} Rg5 {[%clk 0:13:50]} 56. Ra4 {[%clk
0:12:47]} 1/2-1/2

[Event "Deutsche Ländermeisterschaft 2018"]
[Site "Würzburg GER"]
[Date "2018.10.05"]
[Round "5"]
[White "Klenk, Sofie"]
[Black "Bui, Ngoc Han Julia"]
[Result "0-1"]
[Termination "normal"]
[Board "7.5"]
[WhiteElo "1873"]
[BlackElo "1876"]
[WhiteClock "00:13:50"]
[BlackClock "00:07:17"]
[WhiteTeam "Bayern 2"]
[BlackTeam "Sachsen 2"]
[PlyCount "78"]
[WhiteFideId "12996653"]
[BlackFideId "12977055"]
[EventCountry "GER"]
[EventRounds "7"]
[EventType "team-swiss"]
[EventDate "2018.10.02"]

1. e4 {[%clk 1:30:58]} c5 {[%clk 1:30:56]} 2. Nf3 {[%clk 1:31:24]} d6 {[%clk
1:31:22]} 3. d4 {[%clk 1:31:50]} cxd4 {[%clk 1:31:48]} 4. Nxd4 {[%clk 1:32:15]}
Nf6 {[%clk 1:32:13]} 5. Nc3 {[%clk 1:32:39]} a6 {[%clk 1:32:27]} 6. h3 {[%clk
1:33:02]} e6 {[%clk 1:32:50]} 7. g4 {[%clk 1:33:28]} b5 {[%clk 1:32:31]} 8. Bg2
{[%clk 1:28:27]} Bb7 {[%clk 1:32:41]} 9. g5 {[%clk 1:24:15]} b4 {[%clk
1:22:48]} 10. gxf6 {[%clk 1:20:43]} bxc3 {[%clk 1:23:06]} 11. fxg7 {[%clk
1:17:20]} Bxg7 {[%clk 1:23:30]} 12. b3 {[%clk 1:15:35]} Qh4 {[%clk 1:19:26]}
13. Qd3 {[%clk 1:04:59]} Nd7 {[%clk 1:14:30]} 14. Ne2 {[%clk 0:58:33]} Nc5
{[%clk 1:09:01]} 15. Qg3 {[%clk 0:57:21]} Qxg3 {[%clk 1:01:36]} 16. Nxg3 {[%clk
0:56:56]} Nd3+ {[%clk 0:57:23]} 17. Ke2 {[%clk 0:52:47]} Nxc1+ {[%clk 0:56:46]}
18. Raxc1 {[%clk 0:53:06]} Rg8 {[%clk 0:52:39]} 19. Rcd1 {[%clk 0:50:16]} Be5
{[%clk 0:50:59]} 20. Rhe1 {[%clk 0:42:58]} Ke7 {[%clk 0:42:02]} 21. Bh1 {[%clk
0:40:01]} Rab8 {[%clk 0:35:14]} 22. Nf1 {[%clk 0:36:58]} f5 {[%clk 0:31:55]}
23. f3 {[%clk 0:35:12]} fxe4 {[%clk 0:31:57]} 24. fxe4 {[%clk 0:35:37]} a5
{[%clk 0:25:07]} 25. Bf3 {[%clk 0:30:09]} Rbf8 {[%clk 0:23:22]} 26. Ne3 {[%clk
0:26:02]} Ba6+ {[%clk 0:21:02]} 27. Nc4 {[%clk 0:26:22]} Rg3 {[%clk 0:19:12]}
28. Bg4 {[%clk 0:19:32]} Rf4 {[%clk 0:14:59]} 29. Rd3 {[%clk 0:17:07]} Rxe4+
{[%clk 0:11:19]} 30. Kd1 {[%clk 0:17:35]} Rxe1+ {[%clk 0:10:44]} 31. Kxe1
{[%clk 0:18:02]} Rg1+ {[%clk 0:09:40]} 32. Kf2 {[%clk 0:17:56]} Rc1 {[%clk
0:08:57]} 33. Bd1 {[%clk 0:17:15]} d5 {[%clk 0:07:48]} 34. Nxe5 {[%clk
0:14:10]} Bxd3 {[%clk 0:08:06]} 35. Nxd3 {[%clk 0:13:52]} Rxd1 {[%clk 0:08:21]}
36. b4 {[%clk 0:12:45]} Rd2+ {[%clk 0:08:15]} 37. Ke3 {[%clk 0:13:13]} Rxc2
{[%clk 0:07:52]} 38. bxa5 {[%clk 0:13:39]} Rxa2 {[%clk 0:07:44]} 39. Nb4 {[%clk
0:13:50]} Ra4 {[%clk 0:07:17]} 0-1

[Event "Deutsche Ländermeisterschaft 2018"]
[Site "Würzburg GER"]
[Date "2018.10.05"]
[Round "5"]
[White "Lagunow, Raphael"]
[Black "Wendler, David"]
[Result "1-0"]
[Termination "normal"]
[Board "8.1"]
[WhiteTitle "FM"]
[WhiteElo "2403"]
[BlackElo "2156"]
[WhiteClock "00:38:27"]
[BlackClock "00:05:03"]
[WhiteTeam "Berlin"]
[BlackTeam "Württemberg 2"]
[PlyCount "81"]
[WhiteFideId "24652644"]
[BlackFideId "12938360"]
[EventCountry "GER"]
[EventRounds "7"]
[EventType "team-swiss"]
[EventDate "2018.10.02"]

1. e4 {[%clk 1:30:58]} g6 {[%clk 1:30:42]} 2. d4 {[%clk 1:30:49]} Bg7 {[%clk
1:31:07]} 3. Nc3 {[%clk 1:30:42]} d6 {[%clk 1:31:26]} 4. Be3 {[%clk 1:30:57]}
a6 {[%clk 1:31:48]} 5. h4 {[%clk 1:30:39]} h6 {[%clk 1:31:32]} 6. Qd2 {[%clk
1:29:46]} b5 {[%clk 1:31:31]} 7. O-O-O {[%clk 1:27:46]} Bb7 {[%clk 1:31:16]} 8.
f3 {[%clk 1:27:28]} Nd7 {[%clk 1:31:00]} 9. Nh3 {[%clk 1:25:53]} Rc8 {[%clk
1:30:18]} 10. h5 {[%clk 1:21:36]} g5 {[%clk 1:29:38]} 11. f4 {[%clk 1:19:36]}
gxf4 {[%clk 1:16:49]} 12. Bxf4 {[%clk 1:16:06]} c5 {[%clk 1:11:57]} 13. d5
{[%clk 1:11:45]} Qa5 {[%clk 1:08:53]} 14. Kb1 {[%clk 1:09:44]} Nb6 {[%clk
0:53:05]} 15. Re1 {[%clk 1:08:25]} c4 {[%clk 0:40:47]} 16. Be3 {[%clk 1:05:36]}
b4 {[%clk 0:39:29]} 17. Nd1 c3 18. Qf2 {[%clk 1:04:06]} Na4 {[%clk 0:19:43]}
19. b3 {[%clk 1:00:43]} Nc5 {[%clk 0:19:31]} 20. Bd4 {[%clk 0:58:54]} Nf6
{[%clk 0:12:37]} 21. Qf3 {[%clk 0:57:18]} Ncxe4 {[%clk 0:12:44]} 22. Rxe4
{[%clk 0:57:18]} Nxe4 23. Qxe4 {[%clk 0:57:32]} Bxd5 {[%clk 0:12:47]} 24. Qg4
{[%clk 0:57:02]} Bxd4 {[%clk 0:09:58]} 25. Qxc8+ {[%clk 0:57:10]} Qd8 {[%clk
0:10:24]} 26. Qxa6 {[%clk 0:57:09]} Kf8 {[%clk 0:09:56]} 27. Nf4 {[%clk
0:55:07]} Ba8 {[%clk 0:09:12]} 28. Nd3 {[%clk 0:51:43]} Bc5 {[%clk 0:07:35]}
29. a3 {[%clk 0:49:57]} bxa3 {[%clk 0:06:59]} 30. Nxc5 dxc5 {[%clk 0:07:14]}
31. Nxc3 {[%clk 0:50:05]} Kg7 {[%clk 0:07:01]} 32. Qxa3 {[%clk 0:49:29]} Qd4
{[%clk 0:06:31]} 33. Na4 {[%clk 0:44:08]} e5 {[%clk 0:04:50]} 34. Qxc5 {[%clk
0:43:03]} Qd1+ {[%clk 0:05:16]} 35. Kb2 {[%clk 0:43:27]} Re8 {[%clk 0:05:38]}
36. Nc3 {[%clk 0:40:56]} Qe1 {[%clk 0:05:21]} 37. Rg1 {[%clk 0:41:16]} Qh4
{[%clk 0:05:02]} 38. Bb5 {[%clk 0:41:13]} Qe7 {[%clk 0:04:41]} 39. b4 {[%clk
0:37:36]} Qxc5 40. bxc5 {[%clk 0:38:05]} f5 {[%clk 0:05:03]} 41. Bxe8 {[%clk
0:38:27]} 1-0

[Event "Deutsche Ländermeisterschaft 2018"]
[Site "Würzburg GER"]
[Date "2018.10.05"]
[Round "5"]
[White "Yi, Danny"]
[Black "Greßmann, Moritz"]
[Result "0-1"]
[Termination "normal"]
[Board "8.2"]
[WhiteElo "2092"]
[BlackElo "2106"]
[WhiteClock "00:31:22"]
[BlackClock "00:30:30"]
[WhiteTeam "Württemberg 2"]
[BlackTeam "Berlin"]
[PlyCount "84"]
[WhiteFideId "12988588"]
[BlackFideId "24695084"]
[EventCountry "GER"]
[EventRounds "7"]
[EventType "team-swiss"]
[EventDate "2018.10.02"]

1. e4 {[%clk 1:30:53]} e5 {[%clk 1:30:56]} 2. Nf3 {[%clk 1:31:15]} Nc6 {[%clk
1:31:22]} 3. Bc4 {[%clk 1:31:38]} Nf6 {[%clk 1:31:48]} 4. d3 {[%clk 1:31:45]}
Bc5 {[%clk 1:32:12]} 5. c3 {[%clk 1:31:42]} d6 {[%clk 1:32:40]} 6. a4 {[%clk
1:31:54]} a6 {[%clk 1:31:02]} 7. O-O {[%clk 1:32:10]} Ba7 {[%clk 1:30:31]} 8.
Nbd2 {[%clk 1:32:05]} h6 {[%clk 1:30:32]} 9. Bb3 {[%clk 1:29:29]} O-O {[%clk
1:30:47]} 10. h3 {[%clk 1:29:43]} Nh5 {[%clk 1:26:42]} 11. Re1 {[%clk 1:26:11]}
Qf6 {[%clk 1:27:05]} 12. Nf1 {[%clk 1:21:58]} Nf4 {[%clk 1:26:57]} 13. Bxf4
{[%clk 1:21:30]} Qxf4 {[%clk 1:23:49]} 14. Ne3 {[%clk 1:19:12]} Ne7 {[%clk
1:22:23]} 15. d4 {[%clk 1:15:54]} Kh8 {[%clk 1:16:26]} 16. Bc2 {[%clk 1:14:07]}
c6 {[%clk 0:42:55]} 17. Nc4 {[%clk 1:04:24]} exd4 {[%clk 0:38:17]} 18. cxd4 g5
19. e5 {[%clk 0:41:34]} dxe5 {[%clk 0:28:11]} 20. Re4 {[%clk 0:37:24]} Qf6
{[%clk 0:27:16]} 21. dxe5 {[%clk 0:36:05]} Qg7 {[%clk 0:26:40]} 22. Nd6 {[%clk
0:31:50]} Be6 {[%clk 0:24:13]} 23. Nd4 {[%clk 0:27:26]} Rad8 {[%clk 0:16:40]}
24. Qe2 {[%clk 0:23:18]} Rd7 {[%clk 0:14:28]} 25. g4 {[%clk 0:20:04]} Ng6
{[%clk 0:08:33]} 26. N4f5 {[%clk 0:18:06]} Qh7 {[%clk 0:07:29]} 27. Kh2 {[%clk
0:05:29]} Bd5 28. Ng3 {[%clk 0:05:29]} Bxe4 {[%clk 0:04:14]} 29. Ngxe4 {[%clk
0:04:35]} Qg7 {[%clk 0:04:10]} 30. Nf5 {[%clk 0:01:22]} Qxe5+ {[%clk 0:04:35]}
31. Kg1 {[%clk 0:01:37]} Bb8 {[%clk 0:04:32]} 32. Qf3 {[%clk 0:01:23]} Qh2+
{[%clk 0:02:37]} 33. Kf1 {[%clk 0:01:52]} Ne5 {[%clk 0:01:40]} 34. Qa3 {[%clk
0:01:56]} Rfd8 {[%clk 0:01:10]} 35. Ke2 {[%clk 0:01:21]} Ba7 {[%clk 0:01:02]}
36. Qc3 {[%clk 0:01:19]} Rd2+ {[%clk 0:01:00]} 37. Qxd2 {[%clk 0:01:11]} Rxd2+
{[%clk 0:01:22]} 38. Kxd2 {[%clk 0:01:33]} Bxf2 {[%clk 0:01:24]} 39. Rd1 {[%clk
0:01:10]} Qf4+ {[%clk 0:01:24]} 40. Kc3 {[%clk 0:01:01]} Qf3+ {[%clk 0:01:39]}
41. Kb4 {[%clk 0:00:56]} c5+ {[%clk 0:30:30]} 42. Ka5 {[%clk 0:31:22]} Nc4# 0-1

[Event "Deutsche Ländermeisterschaft 2018"]
[Site "Würzburg GER"]
[Date "2018.10.05"]
[Round "5"]
[White "Schallner, Marc"]
[Black "Wiesner, Paula"]
[Result "0-1"]
[Termination "normal"]
[Board "8.4"]
[WhiteElo "1931"]
[BlackElo "1969"]
[WhiteClock "00:00:34"]
[BlackClock "00:03:25"]
[WhiteTeam "Württemberg 2"]
[BlackTeam "Berlin"]
[PlyCount "154"]
[WhiteFideId "12971243"]
[BlackFideId "24654019"]
[EventCountry "GER"]
[EventRounds "7"]
[EventType "team-swiss"]
[EventDate "2018.10.02"]

1. e4 {[%clk 1:30:57]} e6 {[%clk 1:30:59]} 2. d4 {[%clk 1:31:22]} d5 {[%clk
1:31:26]} 3. exd5 {[%clk 1:31:46]} exd5 {[%clk 1:31:52]} 4. Nf3 {[%clk
1:32:10]} Bg4 {[%clk 1:32:08]} 5. Bd3 {[%clk 1:31:01]} Nf6 {[%clk 1:27:36]} 6.
O-O {[%clk 1:30:40]} Bd6 {[%clk 1:26:47]} 7. Re1+ {[%clk 1:27:42]} Be7 {[%clk
1:27:00]} 8. Bf4 {[%clk 1:27:26]} O-O {[%clk 1:27:09]} 9. Nbd2 {[%clk 1:26:43]}
Nbd7 {[%clk 1:24:12]} 10. c3 {[%clk 1:26:10]} Re8 {[%clk 1:22:23]} 11. Qc2
{[%clk 1:24:57]} c5 {[%clk 1:18:27]} 12. Ne5 {[%clk 1:10:57]} Be6 {[%clk
1:16:59]} 13. Ndf3 {[%clk 1:03:09]} h6 {[%clk 1:12:48]} 14. Ng6 {[%clk
0:53:38]} c4 {[%clk 1:03:54]} 15. Nxe7+ {[%clk 0:51:03]} Rxe7 {[%clk 1:04:12]}
16. Bf1 {[%clk 0:50:22]} Nf8 {[%clk 1:01:03]} 17. Ne5 {[%clk 0:44:19]} N6d7 18.
g3 Nxe5 {[%clk 0:53:31]} 19. Bxe5 {[%clk 0:35:44]} Qd7 {[%clk 0:51:44]} 20. Bg2
{[%clk 0:32:47]} Rae8 21. Qd2 {[%clk 0:29:48]} Bf5 {[%clk 0:44:38]} 22. Bf4 Ng6
{[%clk 0:43:06]} 23. Rxe7 {[%clk 0:22:34]} Rxe7 {[%clk 0:43:25]} 24. Re1 {[%clk
0:22:28]} Rxe1+ 25. Qxe1 {[%clk 0:22:51]} Nxf4 {[%clk 0:38:18]} 26. gxf4 {[%clk
0:23:10]} Qe6 {[%clk 0:38:40]} 27. Qe5 {[%clk 0:18:07]} Be4 {[%clk 0:30:33]}
28. Qxe6 fxe6 {[%clk 0:30:57]} 29. Bxe4 {[%clk 0:04:22]} dxe4 {[%clk 0:31:23]}
30. Kf1 {[%clk 0:04:03]} Kf7 {[%clk 0:31:07]} 31. Ke2 {[%clk 0:04:32]} Kf6
{[%clk 0:31:30]} 32. Ke3 {[%clk 0:05:00]} Kf5 {[%clk 0:31:56]} 33. h4 {[%clk
0:03:29]} b5 {[%clk 0:13:35]} 34. b4 {[%clk 0:02:22]} h5 {[%clk 0:12:41]} 35.
f3 {[%clk 0:02:15]} exf3 {[%clk 0:13:07]} 36. Kxf3 {[%clk 0:02:44]} g6 {[%clk
0:13:19]} 37. Ke3 {[%clk 0:03:12]} Kg4 {[%clk 0:13:20]} 38. Ke4 {[%clk
0:03:41]} Kxh4 {[%clk 0:13:43]} 39. Ke5 {[%clk 0:04:08]} Kg4 {[%clk 0:11:06]}
40. Kxe6 {[%clk 0:04:34]} h4 {[%clk 0:11:31]} 41. d5 {[%clk 0:05:01]} h3 {[%clk
0:11:56]} 42. d6 {[%clk 0:05:29]} h2 {[%clk 0:12:21]} 43. d7 {[%clk 0:05:56]}
h1=Q {[%clk 0:12:41]} 44. d8=Q {[%clk 0:06:21]} Qe4+ {[%clk 0:10:53]} 45. Kf6
{[%clk 0:02:33]} Qxf4+ {[%clk 0:09:15]} 46. Kg7 {[%clk 0:28:38]} Qe5+ {[%clk
0:36:18]} 47. Kh6 {[%clk 0:27:35]} Qxc3 {[%clk 0:32:33]} 48. Qg5+ {[%clk
0:27:04]} Kf3 {[%clk 0:33:00]} 49. Qxb5 {[%clk 0:27:17]} Qd2+ {[%clk 0:32:09]}
50. Kxg6 {[%clk 0:26:57]} c3 {[%clk 0:32:30]} 51. Qf5+ {[%clk 0:18:07]} Ke3
{[%clk 0:30:50]} 52. Qe5+ {[%clk 0:15:17]} Kf2 {[%clk 0:28:26]} 53. Qh2+ {[%clk
0:15:07]} Ke1 {[%clk 0:27:20]} 54. Qh1+ {[%clk 0:14:45]} Ke2 {[%clk 0:26:52]}
55. Qh5+ {[%clk 0:14:48]} Kd3 {[%clk 0:26:26]} 56. Qf5+ {[%clk 0:15:05]} Ke3
{[%clk 0:21:51]} 57. Qe5+ {[%clk 0:15:28]} Kf3 {[%clk 0:21:10]} 58. Qf5+ {[%clk
0:15:08]} Qf4 {[%clk 0:20:40]} 59. Qd3+ {[%clk 0:15:09]} Qe3 {[%clk 0:20:57]}
60. Qf1+ {[%clk 0:13:46]} Ke4 {[%clk 0:16:26]} 61. Qc4+ {[%clk 0:04:32]} Qd4
{[%clk 0:16:08]} 62. Qe2+ {[%clk 0:04:21]} Kd5 {[%clk 0:15:39]} 63. Qb5+ {[%clk
0:03:11]} Kd6 {[%clk 0:15:35]} 64. Qb8+ {[%clk 0:02:35]} Kc6 {[%clk 0:13:26]}
65. Qe8+ {[%clk 0:01:14]} Kb6 {[%clk 0:13:32]} 66. Qb8+ {[%clk 0:00:34]} Ka6
{[%clk 0:13:03]} 67. Kh5 {[%clk 0:00:34]} Qd5+ {[%clk 0:11:05]} 68. Kh4 {[%clk
0:00:35]} Qc4+ {[%clk 0:08:57]} 69. Kh3 {[%clk 0:00:42]} c2 {[%clk 0:08:04]}
70. b5+ {[%clk 0:00:52]} Ka5 {[%clk 0:07:55]} 71. Qxa7+ {[%clk 0:01:10]} Kb4
{[%clk 0:05:45]} 72. Qe7+ {[%clk 0:01:33]} Kc3 {[%clk 0:05:29]} 73. Qe5+ {[%clk
0:00:51]} Kd2 {[%clk 0:05:19]} 74. Qg5+ {[%clk 0:00:44]} Kc3 {[%clk 0:03:21]}
75. Qe5+ {[%clk 0:00:42]} Qd4 {[%clk 0:03:06]} 76. Qe1+ {[%clk 0:00:32]} Kb2
{[%clk 0:03:28]} 77. Qe2 {[%clk 0:00:34]} Kb1 {[%clk 0:03:25]} 0-1

[Event "Deutsche Ländermeisterschaft 2018"]
[Site "Würzburg GER"]
[Date "2018.10.05"]
[Round "5"]
[White "Pfreundt, Jakob"]
[Black "Zimmer, Luca"]
[Result "1-0"]
[Termination "normal"]
[Board "9.1"]
[WhiteTitle "IM"]
[WhiteElo "2388"]
[BlackElo "1645"]
[WhiteTeam "Hamburg"]
[BlackTeam "Saarland"]
[PlyCount "113"]
[WhiteFideId "12918156"]
[BlackFideId "12921424"]
[EventCountry "GER"]
[EventRounds "7"]
[EventType "team-swiss"]
[EventDate "2018.10.02"]

1.Nf3 e6 2.g3 d5 3.Bg2 Bd6 4.O-O Nf6 5.c4 c6 6.b3 Qe7 7.d4 Ne4 8.Bb2 f5 9.Nc3
O-O 10.Rc1 Nd7 11.e3 Ndf6 12.Ne2 Ng4 13.Qd3 Bd7 14.Rc2 Be8 15.h3 Nh6 16.Ne5 Qg5
17.Nf4 Qf6 18.Qe2 Nf7 19.Nfd3 Qg5 20.Qe1 Qe7 21.f3 Nf6 22.Bc3 Nd7 23.Nxd7 Bxd7
24.f4 Be8 25.Bb4 Bxb4 26.Qxb4 Qxb4 27.Nxb4 Nd6 28.Nd3 Bh5 29.Kh2 Kh8 30.c5 Nf7
31.Rb1 Rg8 32.b4 g5 33.b5 g4 34.h4 Nd8 35.bxc6 bxc6 36.Rcb2 Be8 37.Rb8 Rxb8
38.Rxb8 Nf7 39.Ra8 Bd7 40.Rxa7 Rd8 41.Nb4 Kg8 42.Rc7 Kf8 43.Nxc6 Bxc6 44.Rxc6
Ke7 45.Bf1 Ra8 46.Ra6 Rxa6 47.Bxa6 Kd7 48.Bb5+ Kc7 49.Kg2 Nd8 50.Kf2 Nc6
51.Bxc6 Kxc6 52.Ke2 Kb5 53.Kd2 Ka5 54.Kc3 Kb5 55.Kb3 Ka5 56.a4 Ka6 57.Kb4   1-0

[Event "Deutsche Ländermeisterschaft 2018"]
[Site "Würzburg GER"]
[Date "2018.10.05"]
[Round "5"]
[White "Zha, Kevin"]
[Black "Engel, Robert"]
[Result "0-1"]
[Termination "normal"]
[Board "9.2"]
[WhiteElo "1570"]
[BlackElo "2059"]
[WhiteTeam "Saarland"]
[BlackTeam "Hamburg"]
[PlyCount "86"]
[WhiteFideId "16208951"]
[BlackFideId "12974684"]
[EventCountry "GER"]
[EventRounds "7"]
[EventType "team-swiss"]
[EventDate "2018.10.02"]

1.e4 c5 2.Nf3 d6 3.d4 cxd4 4.Nxd4 Nf6 5.Nc3 a6 6.Be3 e5 7.Nb3 Be6 8.f3 Nbd7
9.Qd2 b5 10.O-O-O Be7 11.Kb1 Nb6 12.Qf2 Nfd7 13.h4 b4 14.Nd5 Bxd5 15.exd5 a5
16.Bb5 O-O 17.g4 a4 18.Nc1 Nc5 19.g5 f5 20.gxf6 Rxf6 21.h5 a3 22.b3 Ne4 23.Qg2
Nc3+ 24.Ka1 Nxb5 25.Rdg1 Bf8 26.Bg5 Qc8 27.Nd3 Rf7 28.Rh4 Nd4 29.Rc1 Rxf3
30.Rg4 Rf7 31.Kb1 Raa7 32.Nxb4 Na4 33.c4 Qf5+ 34.Ka1 Nc5 35.Rg1 Rab7 36.Bd2
Rxb4 37.Rxd4 Rxb3 38.Rg4 Rf3 39.Bc1 Rf1 40.Rg5 Rxg1 41.Qxg1 Qf1 42.Qe3 Qxc4
43.Qxa3 Ra7   0-1

[Event "Deutsche Ländermeisterschaft 2018"]
[Site "Würzburg GER"]
[Date "2018.10.05"]
[Round "5"]
[White "Keyser, Robin"]
[Black "Jeschke, Jan"]
[Result "1-0"]
[Termination "normal"]
[Board "9.3"]
[WhiteElo "1999"]
[BlackElo "1479"]
[WhiteTeam "Hamburg"]
[BlackTeam "Saarland"]
[PlyCount "71"]
[WhiteFideId "12986429"]
[BlackFideId "16225430"]
[EventCountry "GER"]
[EventRounds "7"]
[EventType "team-swiss"]
[EventDate "2018.10.02"]

1.d4 Nf6 2.c4 e6 3.g3 Bb4+ 4.Bd2 c5 5.Bxb4 cxb4 6.Bg2 d6 7.Qa4+ Nc6 8.Bxc6+
bxc6 9.Qxc6+ Bd7 10.Qxd6 Qa5 11.b3 Rc8 12.Nf3 Rc6 13.Qe5 Qb6 14.O-O O-O 15.Nbd2
Rd8 16.Ne4 Nxe4 17.Qxe4 Qa6 18.Qh4 f6 19.e4 Qb7 20.d5 exd5 21.exd5 Rc7 22.Nd4
Re8 23.Rfe1 Rxe1+ 24.Rxe1 Qa6 25.Qf4 Rb7 26.c5 Bb5 27.c6 Rf7 28.Qb8+ Rf8
29.Qxb5 Qxa2 30.Qxb4 a5 31.Qc4 Qd2 32.Nf3 Qa2 33.d6+ Kh8 34.c7 Qa3 35.c8=Q Rxc8
36.Qxc8#   1-0

[Event "Deutsche Ländermeisterschaft 2018"]
[Site "Würzburg GER"]
[Date "2018.10.05"]
[Round "5"]
[White "Chassard, Cedric"]
[Black "von Krosigk, Florian"]
[Result "0-1"]
[Termination "normal"]
[Board "9.4"]
[WhiteElo "1786"]
[BlackElo "1897"]
[WhiteTeam "Saarland"]
[BlackTeam "Hamburg"]
[PlyCount "138"]
[WhiteFideId "16243536"]
[BlackFideId "16227808"]
[EventCountry "GER"]
[EventRounds "7"]
[EventType "team-swiss"]
[EventDate "2018.10.02"]

1.e4 c5 2.Nf3 e6 3.d4 cxd4 4.Nxd4 a6 5.c4 Nf6 6.Nc3 Qc7 7.Be3 d6 8.Be2 Be7
9.O-O Nbd7 10.Qd2 O-O 11.b3 b6 12.Rad1 Bb7 13.f3 Rac8 14.Bf2 Ne5 15.f4 Neg4
16.Bxg4 Nxg4 17.f5 d5 18.Bg3 Bd6 19.Bxd6 Qxd6 20.Nf3 Qc5+ 21.Nd4 e5 22.Qg5 Nf6
23.Na4 Qc7 24.Ne2 Nxe4 25.Qg4 Nf6 26.Qg5 b5 27.Nac3 bxc4 28.bxc4 d4 29.Nd5 Nxd5
30.cxd5 f6 31.Qg3 Bxd5 32.Rc1 Qa7 33.Kh1 Bxa2 34.Qa3 Bc4 35.Qb2 d3 36.Ng3 d2
37.Qxd2 Bxf1 38.Rxf1 Qd4 39.Qa2+ Qc4 40.Qb1 Rfd8 41.h3 Rd2 42.Kh2 Qc2 43.Qb7
Qc6 44.Qb3+ Qd5 45.Qxd5+ Rxd5 46.Rb1 Rd4 47.Rb7 Rdc4 48.Ra7 R4c6 49.Nh5 R8c7
50.Ra8+ Kf7 51.Rb8 Ra7 52.Rb3 a5 53.Ng3 a4 54.Ra3 Rc4 55.Ne2 Rb4 56.Nc3 g6
57.fxg6+ hxg6 58.Ra2 a3 59.Ra1 Rb3 60.Nb1 a2 61.Nd2 Rb2 62.Ne4 Rb1 63.Rxa2 Rxa2
64.Nd6+ Ke6 65.Ne4 Rbb2 66.Kg3 Rxg2+ 67.Kh4 Ra8 68.Ng3 Ra4+ 69.Ne4 Rxe4#   0-1

[Event "Deutsche Ländermeisterschaft 2018"]
[Site "Würzburg GER"]
[Date "2018.10.05"]
[Round "5"]
[White "Genov, Valentin"]
[Black "Müller, Maximilian"]
[Result "1/2-1/2"]
[Termination "normal"]
[Board "9.5"]
[WhiteTitle "CM"]
[WhiteElo "1756"]
[BlackElo "1547"]
[WhiteTeam "Hamburg"]
[BlackTeam "Saarland"]
[PlyCount "42"]
[WhiteFideId "2919745"]
[BlackFideId "16243552"]
[EventCountry "GER"]
[EventRounds "7"]
[EventType "team-swiss"]
[EventDate "2018.10.02"]

1.d4 Nf6 2.c4 g6 3.Nc3 Bg7 4.e4 d6 5.f3 O-O 6.Bg5 Nbd7 7.Bd3 e5 8.Nge2 Qe8 9.d5
a6 10.Qd2 h5 11.O-O Nh7 12.Bh6 Nc5 13.Bxg7 Kxg7 14.Bc2 f5 15.f4 Nxe4 16.Nxe4
fxe4 17.Bxe4 exf4 18.Rxf4 Rxf4 19.Qxf4 Nf6 20.Bd3 Ng4 21.Rf1 Qe3+   1/2-1/2

[Event "Deutsche Ländermeisterschaft 2018"]
[Site "Würzburg GER"]
[Date "2018.10.05"]
[Round "5"]
[White "Fuchs, Emily"]
[Black "Genova, Magdalina"]
[Result "1-0"]
[Termination "normal"]
[Board "9.6"]
[WhiteElo "1335"]
[BlackElo "1425"]
[WhiteTeam "Saarland"]
[BlackTeam "Hamburg"]
[PlyCount "137"]
[WhiteFideId "16208986"]
[BlackFideId "2919753"]
[EventCountry "GER"]
[EventRounds "7"]
[EventType "team-swiss"]
[EventDate "2018.10.02"]

1.e4 c5 2.Nf3 d6 3.d4 cxd4 4.Nxd4 Nf6 5.Nc3 a6 6.Bc4 b5 7.Bb3 e6 8.a3 Bb7 9.Bg5
Be7 10.Qe2 Nbd7 11.O-O Rc8 12.Rad1 Nb6 13.e5 Nfd5 14.Nxd5 Nxd5 15.Bxe7 Qxe7
16.f4 O-O 17.f5 dxe5 18.fxe6 exd4 19.exf7+ Kh8 20.Qxe7 Nxe7 21.Rxd4 Ng6 22.Rd7
Bc6 23.Ra7 Ra8 24.Re7 Rad8 25.Ra7 Ra8 26.Rc7 Rac8 27.Rxc8 Rxc8 28.Be6 Rf8
29.Re1 h6 30.Bb3 Kh7 31.Re6 Rc8 32.c3 Nf8 33.Bc2+ g6 34.Re5 Kg7 35.Bb3 Rd8
36.Re2 Bd5 37.Rd2 Kxf7 38.Rxd5 Rxd5 39.Bxd5+ Kf6 40.Bb7 a5 41.Ba6 b4 42.axb4
axb4 43.cxb4 Nd7 44.b5 Nb6 45.Kf2 g5 46.h3 Ke5 47.Bb7 Kf4 48.g3+ Ke5 49.b3 Kd4
50.Kf3 Ke5 51.Kg4 Kf6 52.Kh5 Kg7 53.h4 gxh4 54.Kxh4 Kf6 55.Bf3 Kf7 56.Kh5 Kg7
57.g4 Nd7 58.Bc6 Nb6 59.Be4 Nd7 60.Bf5 Nb6 61.g5 hxg5 62.Kxg5 Kf7 63.Kf4 Kf6
64.Ke4 Ke7 65.Ke5 Ke8 66.Kd6 Kd8 67.Kc6 Na8 68.b6 Nxb6 69.Kxb6   1-0